000
00473nam a2200145Ia 4500
008
100122s9999 xx 000 0 und d
082
_b
17232
_a
Nill
100
_a
यावलकर शांताराम
245
_a
जर्मन भाषा शिका
260
_b
उद्यम प्रकाशन
_c
1963
300
_a
171
630
_a
जर्मन भाषा शिका
730
_a
जर्मन भाषा शिका
942
_c
BOOK
999
_c
407016
_d
407013